Southville International School and Colleges
Your cart is empty.
  • Cart
  • Lists
    Public lists Eva Luna New books Lux_list list_1
    Your lists Log in to create your own lists
  • Log in to your account
  • Your cookies
  • Search history
Southville International School and Colleges
  • Advanced search
  • Recent comments
  • Most popular
  • Libraries

Log in to your account

Log in with GOOGLE


If you do not have an external account, but do have a local account, you can still log in:

  1. Home
  2. MARC view: 35 cents /
Normal view MARC view ISBD view

35 cents / (Record no. 344659)

[ view plain ]
MARC details
000 -LEADER
fixed length control field 00625nam a2200253Ia 4500
008 - FIXED-LENGTH DATA ELEMENTS--GENERAL INFORMATION
fixed length control field 171025s9999 xx 000 0 und d
020 ## - INTERNATIONAL STANDARD BOOK NUMBER
International Standard Book Number 977158225
050 ## - LIBRARY OF CONGRESS CALL NUMBER
Classification number 306.76
050 ## - LIBRARY OF CONGRESS CALL NUMBER
Item number L477 2006
100 ## - MAIN ENTRY--PERSONAL NAME
Personal name Lee, Mathy
245 ## - TITLE STATEMENT
Title 35 cents /
245 ## - TITLE STATEMENT
Statement of responsibility, etc by Mathy Lee.
250 ## - EDITION STATEMENT
Edition statement First edition
260 ## - PUBLICATION, DISTRIBUTION, ETC. (IMPRINT)
Place of publication, distribution, etc San Francisco, CA :
260 ## - PUBLICATION, DISTRIBUTION, ETC. (IMPRINT)
Name of publisher, distributor, etc Suspect thoughts Press,
260 ## - PUBLICATION, DISTRIBUTION, ETC. (IMPRINT)
Date of publication, distribution, etc 2006
300 ## - PHYSICAL DESCRIPTION
Extent 205 pages :
300 ## - PHYSICAL DESCRIPTION
Other physical details illustrations ;
300 ## - PHYSICAL DESCRIPTION
Dimensions 21cm.
650 ## - SUBJECT ADDED ENTRY--TOPICAL TERM
Topical term or geographic name as entry element Male prostitutes --
650 ## - SUBJECT ADDED ENTRY--TOPICAL TERM
General subdivision United States -- Biography.
700 ## - ADDED ENTRY--PERSONAL NAME
Personal name Title : Thirthy-five cents.
700 ## - ADDED ENTRY--PERSONAL NAME
Personal name Title.
Holdings
Withdrawn status Lost status Damaged status Home library Current library Date acquired Total Checkouts Full call number Barcode Date last seen Price effective from Koha item type
      Stonyhurst Southville International School (Malarayat) Stonyhurst Southville International School (Malarayat) 10/25/2017   SHS 306.76 L477 2006 SSISM3712 10/25/2017 10/25/2017 Books

35 cents /

APA

Lee M., Title : Thirthy-five cents & Title.35 cents. San Francisco, CA: .

Chicago

Lee Mathy, Title : Thirthy-five cents and Title.35 cents. San Francisco, CA: .

Harvard

Lee M., Title : Thirthy-five cents and Title.35 cents. San Francisco, CA: .

MLA

Lee Mathy, Title : Thirthy-five cents and Title.San Francisco, CA: . .

  • Place hold
  • Print
  • Cite
  • Add to your cart (remove)
  • Save record
    BIBTEX Dublin Core MARCXML MARC (non-Unicode/MARC-8) MARC (Unicode/UTF-8) MARC (Unicode/UTF-8, Standard) MODS (XML) RIS
  • More searches
    Search for this title in:
    Other Libraries (WorldCat) Other Databases (Google Scholar) Online Stores (Bookfinder.com) Open Library (openlibrary.org)

Exporting to Dublin Core...

SOUTHVILLE LIBRARY

Southville International School and Colleges Library

1281 Tropical Ave. Cor. Luxembourg St., BF Homes International, Las Pinas City

Tel. No. 8256374 / 252358 Loc. 117/146

Powered by Koha